Factibilidad del tratamiento anaeróbico de aguas de beneficio de café para el control de la contaminación y producción de energía.
Shranjeno v:
| Glavni avtor: | |
|---|---|
| Drugi avtorji: | |
| Format: | Knjiga |
| Izdano: |
[San José , Costa Rica]
1986
|
| Teme: | |
| Oznake: |
Označite
Brez oznak, prvi označite!
|
MARC
| LEADER | 00000nam a2200000Ia 4500 | ||
|---|---|---|---|
| 003 | 004262 | ||
| 005 | 20240626085648.0 | ||
| 008 | 140114s1986 cr a m 000 ||s d | ||
| 040 | |c cru CEDI | ||
| 090 | |a TFG 1925 | ||
| 100 | |a Barquero Cano, José Fabio, 1961- |9 3404 | ||
| 245 | |a Factibilidad del tratamiento anaeróbico de aguas de beneficio de café para el control de la contaminación y producción de energía. | ||
| 260 | |a [San José , Costa Rica] |c 1986 | ||
| 300 | |a xvii, 133 hojas : ilustraciones ; 28 cm | ||
| 500 | |a Proyecto de graduación (licenciatura en ingeniería química)--Universidad de Costa Rica. Facultad de ingeniería. Escuela de Ingeniería Química | ||
| 501 | |a Director de Proyecto de Graduación: Lic. Fernando Silesky Guevara | ||
| 650 | |x CONTAMINACION DEL AGUA |x BENEFICIO DE CAFE |9 13988 | ||
| 700 | |a Silesky Guevara, Fernando, 1945- |d Director del TFG |9 3403 | ||
| 942 | |c TFG |h TFG 1925 |i 004262 |6 TFG_1925_004262000000000 | ||
| 999 | |c 20822 |d 20822 | ||
